00602nam a2200157 a 4500008004100000020001500041050001400056100002100070245004200091260003800133300002100171350000900192995009600201999001700297952013000314120416s0000 ||||||||||||||||| || u a0827321392 aT 359 Oli aOlivo, C. Thomas10aBasic blueprint reading and sketching aNew YorkbDelmar Publishersc1952 aix, 145p. : ill. a0.00 D0.00FCBU-MAIN LIBRARY (Kitwe)H1I10.25M1UAVAILABLEZMain Library Open Access Collection c35497d35497 00102lcc4070a001b001cMain Library Open Access Collectiond2022-11-30l0oT 359 Olip013730r2022-11-30w2022-11-30y002